| 000 | 00564nam a2200181Ia 4500 | ||
|---|---|---|---|
| 008 | 090123s9999 xx 000 0 und d | ||
| 082 | _b28830 | ||
| 100 | _aपांढारकर अनिल | ||
| 245 | _aसुखदु:खाच्या रेषा | ||
| 250 | _a1 | ||
| 260 | _c1998 | ||
| 300 | _a159 | ||
| 600 | _aपांढारकर अनिल | ||
| 630 | _aसुखदु:खाच्या रेषा | ||
| 700 | _aपांढारकर अनिल | ||
| 730 | _aसुखदु:खाच्या रेषा | ||
| 942 | _cBOOK | ||
| 999 |
_c67411 _d67411 |
||